Εθνικό σχέδιο εισαγωγής τραπεζογραμματίων και κερμάτων ευρώ

Saved in:
Bibliographic Details
Corporate Authors: Υπουργείο Εθνικής Οικονομίας, Υπουργείο Οικονομικών, Τράπεζα της Ελλάδος
Format: Book
Language:Greek
Published: Αθήνα : Τράπεζα της Ελλάδος, 2000
Subjects:
Tags: Add Tag
No Tags, Be the first to tag this record!

MARC

LEADER 00000cam a2200000 i 4500
001 1/19296
008 010409s2000 gre d
035 |l 10066801 
040 |a GR-MY-UA  |b gre  |e aacr 
041 0 |a gre 
082 0 |a 332.4566094 
110 2 |a Υπουργείο Εθνικής Οικονομίας. 
245 1 0 |a Εθνικό σχέδιο εισαγωγής τραπεζογραμματίων και κερμάτων ευρώ /  |c Υπουργεία Εθνικής Οικονομίας και Οικονομικών; Τράπεζα της Ελλάδος 
260 |a Αθήνα :   |b Τράπεζα της Ελλάδος,   |c 2000 
300 |a 31 σ.  |b εικ. 
650 0 0 |a Euro. 
650 0 0 |a Money  |z European Union countries. 
650 0 0 |a Monetary unions  |z European Union countries. 
650 0 0 |a Monetary policy  |z European Union countries. 
710 2 |a Υπουργείο Οικονομικών. 
710 2 |a Τράπεζα της Ελλάδος. 
852 |a INST  |b LESVOS  |e 20010409  |h 332.4566094 ΥΠΟ  |p 005100028974  |q 005100028974  |t BK  |y 0 
901 |a BIBL1-2001-1 
909 |a Λ  |b 086993 
970 |a ΤΖΑΦΕΡΗ  |b ΕΥΑΓΓΕΛΙΑ  |z 2001/04/09